el sistema solar en español - Statistics

General Stats
  • This quiz has been taken 8 times
    6 since last reset
  • The average score is 21 of 28
Answer Stats
English Español % Correct
Space el espacio
100%
Planet el planeta
100%
Solar Sytem el sistema solar
100%
Sun el sol
100%
Telescope el telescopio
100%
Universe el universo
100%
Jupiter Júpiter
100%
Galaxy la galaxia
100%
Moon la luna
100%
Stars las estrellas
100%
Earth la Tierra
100%
Mars Marte
100%
Mercury Mercurio
100%
Neptune Neptuno
100%
To orbit Orbitar
100%
Saturn Saturno
100%
Uranus Urano
100%
Venus Venus
100%
Alien Alien
50%
Astronaut Astronauta
50%
Constellation Constelación
50%
Asteroid el asteroide
50%
Comet el cometa
50%
Satellite el satélite
50%
Science Fiction Ciencia ficción
0%
Rocket el cohete
0%
Extraterrestrial Extraterrestre
0%
Space Station la estación espacial
0%
No matching quizzes found
Score Distribution
Percent of People with Each Score
Percentile by Number Answered
Your Score History
You have not taken this quiz since the last reset